| 000 -LEADER |
| fixed length control field |
00836nam a22001937a 4500 |
| 005 - DATE AND TIME OF LATEST TRANSACTION |
| control field |
20241010083444.0 |
| 008 - FIXED-LENGTH DATA ELEMENTS--GENERAL INFORMATION |
| fixed length control field |
241010b ||||| |||| 00| 0 eng d |
| 040 ## - CATALOGING SOURCE |
| Transcribing agency |
SSBUL |
| 082 ## - DEWEY DECIMAL CLASSIFICATION NUMBER |
| Edition number |
23 |
| Classification number |
၂၉၄.၃၄၄၃၅ တင် |
| Item number |
၁၃၀၇၉ S-SAT |
| 100 0# - MAIN ENTRY--PERSONAL NAME |
| Personal name |
တင်မွန်၊ မင်း၊ ဒေါက်တာ- |
| 245 1# - TITLE STATEMENT |
| Title |
ဖားအောက်တောရမိတ်ဆက် / |
| Statement of responsibility, etc. |
ဒေါက်တာမင်းတင်မွန်။ |
| 250 ## - EDITION STATEMENT |
| Edition statement |
ဒုတိယအကြိမ်။ |
| 260 ## - PUBLICATION, DISTRIBUTION, ETC. |
| Place of publication, distribution, etc. |
ရန်ကုန် ၊ |
| Name of publisher, distributor, etc. |
ရတနာမင်းစာပေ၊ |
| Date of publication, distribution, etc. |
၁၉၉၄။ |
| 300 ## - PHYSICAL DESCRIPTION |
| Extent |
၁၅၂ စာမျက်နှာ ။ |
| Dimensions |
၁၈ စင်တီ။ |
| 500 ## - GENERAL NOTE |
| General note |
S-SAT: Dr. Sai Aung Tun |
| 650 ## - SUBJECT ADDED ENTRY--TOPICAL TERM |
| Topical term or geographic name entry element |
ဝိပဿနာ |
|
| Topical term or geographic name entry element |
ကမ္မဌာန်း |
| 942 ## - ADDED ENTRY ELEMENTS (KOHA) |
| Source of classification or shelving scheme |
|
| Koha item type |
Book (Short term) |